[Event "Drammen CC-ch Class1"]
[Site "Drammen"]
[Date "2016.04.26"]
[Round "9"]
[White "Bonsaksen, Tore"]
[Black "Hellenes, Andre Tsolis"]
[Result "1/2-1/2"]
[WhiteElo "1510"]
[BlackElo "1489"]
[PlyCount "102"]
[EventDate "2016.01.26"]
[EventType "tourn"]
[EventRounds "9"]
[EventCountry "NOR"]
[SourceTitle "EXT 2024"]
[Source "ChessBase"]
[SourceDate "2023.10.10"]
[SourceVersion "1"]
[SourceVersionDate "2023.10.10"]
[SourceQuality "1"]

1. e4 c6 2. d4 d5 3. Nc3 dxe4 4. Nxe4 Bf5 5. Ng3 Bg6 6. Nf3 Nd7 7. Bd3 Bxd3 8. Qxd3 Ngf6 9. Bd2 e6 10. c4 Bd6 11. Ne4 Nxe4 12. Qxe4 Nf6 13. Qc2 Qc7 14. h3 0-0 15. 0-0 h6 16. Rfe1 Rfd8 17. Rad1 b5 18. b3 a5 19. a4 bxc4 20. bxc4 Rab8 21. Rb1 Rxb1 22. Rxb1 Qa7 23. Be3 Qc7 24. d5 Qd7 25. c5 Bf8 26. d6 Nd5 27. Bd2 Ra8 28. Ne5 Qc8 29. Qc4 f6 30. Ng6 Rb8 31. Rb3 Qe8 32. Nf4 Ra8 33. Rb7 Nxf4 34. Bxf4 Kh8 35. Qe4 e5 36. Bxh6 Qh5 37. Be3 Qd1+ 38. Kh2 Qh5 39. Qxc6 Qf5 40. Rxg7 Rc8 41. Rc7 Rd8 42. Qb6 e4 43. Qxa5 Bxd6+ 44. g3 Bxc7 45. Qxc7 Rd1 46. Qb8+ Kh7 47. Qb3 Qf3 48. Qf7+ Kh8 49. Qf8+ Kh7 50. Qh6+ Kg8 51. Qg6+ Kh8 1/2-1/2

[Event "Drammen CC-ch Class1"]
[Site "Drammen"]
[Date "2016.02.09"]
[Round "4"]
[White "Sama, Gunnar"]
[Black "Bonsaksen, Tore"]
[Result "0-1"]
[WhiteElo "1411"]
[BlackElo "1510"]
[PlyCount "108"]
[EventDate "2016.01.26"]
[EventType "tourn"]
[EventRounds "9"]
[EventCountry "NOR"]
[SourceTitle "EXT 2024"]
[Source "ChessBase"]
[SourceDate "2023.10.10"]
[SourceVersion "1"]
[SourceVersionDate "2023.10.10"]
[SourceQuality "1"]

1. e4 e5 2. Nf3 Nf6 3. Nxe5 d6 4. Nf3 Nxe4 5. d4 d5 6. Bd3 Bd6 7. 0-0 0-0 8. c4 c6 9. Re1 Bf5 10. Qc2 Bg6 11. cxd5 cxd5 12. Nbd2 Nxd2 13. Bxd2 Nc6 14. Bxg6 hxg6 15. Bc3 Rc8 16. Qd2 Qd7 17. Re2 Rfe8 18. Rae1 Rxe2 19. Rxe2 Re8 20. h3 Rxe2 21. Qxe2 Qf5 22. a3 Qb1+ 23. Qe1 Qxe1+ 24. Nxe1 f6 25. Nc2 Kf7 26. Kf1 Ke6 27. Ke2 Bc7 28. h4 Ne7 29. g3 Nf5 30. Kf3 Bb6 31. b4 a6 32. Kg4 Nd6 33. f3 Nf5 34. Kh3 Bc7 35. Be1 Ne7 36. Kg2 Nc8 37. Kf2 Nd6 38. Ke2 Nc4 39. Kf2 Kd6 40. Ke2 Kc6 41. g4 Kb5 42. Kd3 Bf4 43. Na1 Nxa3 44. Nb3 b6 45. Kc3 Bd6 46. Kd3 Nc4 47. Nc1 Bxb4 48. Bxb4 Kxb4 49. Na2+ Kb3 50. Nc3 a5 51. Nxd5 a4 52. Nc3 a3 53. d5 Nd6 54. Kd4 b5 0-1

[Event "Drammen CC-ch"]
[Site "Drammen"]
[Date "2015.02.10"]
[Round "4"]
[White "Edvardsen, Oystein"]
[Black "Bonsaksen, Tore"]
[Result "1-0"]
[WhiteElo "1672"]
[BlackElo "1715"]
[PlyCount "55"]
[EventDate "2015.01.13"]
[EventType "swiss"]
[EventRounds "9"]
[EventCountry "NOR"]
[SourceTitle "EXT 2024"]
[Source "ChessBase"]
[SourceDate "2023.10.10"]
[SourceVersion "1"]
[SourceVersionDate "2023.10.10"]
[SourceQuality "1"]

1. e4 e5 2. f4 Bc5 3. Nf3 d6 4. Bc4 Qf6 5. f5 h6 6. Nc3 Ne7 7. d3 Nbc6 8. Ne2 Nd4 9. Nexd4 Bxd4 10. Nxd4 exd4 11. 0-0 Bd7 12. a4 Nc6 13. a5 Ne5 14. Ba2 Bb5 15. b4 a6 16. Bf4 0-0-0 17. Qh5 Rdf8 18. Qe2 Qh4 19. g3 Qf6 20. Bc4 Bxc4 21. dxc4 h5 22. h4 Ng4 23. b5 axb5 24. cxb5 Kd7 25. a6 Ra8 26. Qc4 c6 27. axb7 Rxa1 28. Qxc6+ 1-0

[Event "Drammen CC Autumn"]
[Site "Drammen"]
[Date "2014.10.08"]
[Round "5"]
[White "Bonsaksen, Tore"]
[Black "Egede Nissen, Bjorn"]
[Result "0-1"]
[WhiteElo "1480"]
[BlackElo "1918"]
[PlyCount "168"]
[EventDate "2014.08.19"]
[EventType "swiss"]
[EventRounds "6"]
[EventCountry "NOR"]
[SourceTitle "EXT 2024"]
[Source "ChessBase"]
[SourceDate "2023.10.10"]
[SourceVersion "1"]
[SourceVersionDate "2023.10.10"]
[SourceQuality "1"]

1. e4 e6 2. d4 d5 3. Nc3 Nf6 4. Bg5 Be7 5. e5 Nfd7 6. Bxe7 Qxe7 7. f4 a6 8. Nf3 c5 9. dxc5 Qxc5 10. Qd2 Nc6 11. 0-0-0 b5 12. Bd3 Nb6 13. Rhe1 b4 14. Ne2 Na5 15. Ned4 Nac4 16. Bxc4 dxc4 17. Nf5 0-0 18. Qd6 Qxd6 19. Nxd6 a5 20. Nxc8 Rfxc8 21. Rd6 Rab8 22. Nd4 b3 23. axb3 cxb3 24. Nc6 Rb7 25. Red1 g6 26. Rd8+ Rxd8 27. Rxd8+ Kg7 28. Nxa5 Rc7 29. Nxb3 Nd5 30. g3 Ne3 31. Rd2 Kh6 32. Nd4 g5 33. fxg5+ Kxg5 34. Rd3 Ng4 35. h4+ Kg6 36. Nf3 Kf5 37. b3 h6 38. Kb2 Ke4 39. Nd2+ Kxe5 40. Nc4+ Kf6 41. Rf3+ Kg6 42. Rf4 f5 43. Rf1 Kf6 44. Nd6 Rc6 45. Ne4+ Ke5 46. Nc3 Kd4 47. Rd1+ Ke3 48. Rd3+ Kf2 49. Nd1+ Kg2 50. Ne3+ Kxg3 51. Nxf5+ Kf4 52. Nd4 Ra6 53. b4 Ne3 54. Rb3 Nc4+ 55. Kc3 Ne3 56. b5 Rb6 57. Kb4 e5 58. Kc5 Rb8 59. Ne6+ Ke4 60. c4 Rc8+ 61. Kd6 Nxc4+ 62. Kd7 Rb8 63. Nc5+ Kd5 64. Kc7 Rf8 65. Nd7 Rf7 66. b6 Ke6 67. Rd3 Nxb6 68. Rd6+ Kf5 69. Kxb6 h5 70. Rh6 Rxd7 71. Rxh5+ Kf4 72. Rh8 Re7 73. Kc5 e4 74. Kd4 Rd7+ 75. Kc3 e3 76. Rf8+ Kg3 77. Re8 Kf2 78. Rf8+ Ke1 79. Re8 e2 80. Kc2 Rd2+ 81. Kc1 Rd1+ 82. Kc2 Kf2 83. Rf8+ Kg3 84. Rg8+ Kxh4 0-1

[Event "Drammen CC-ch"]
[Site "Drammen"]
[Date "2014.01.21"]
[Round "2"]
[White "Klausen, Truls Skauge"]
[Black "Bonsaksen, Tore"]
[Result "1-0"]
[WhiteElo "1572"]
[BlackElo "1509"]
[PlyCount "45"]
[EventDate "2014.01.14"]
[EventType "swiss"]
[EventRounds "9"]
[EventCountry "NOR"]
[SourceTitle "EXT 2024"]
[Source "ChessBase"]
[SourceDate "2023.10.10"]
[SourceVersion "1"]
[SourceVersionDate "2023.10.10"]
[SourceQuality "1"]

1. e4 c5 2. d4 cxd4 3. c3 d6 4. Nf3 Nc6 5. Bc4 Nf6 6. Qc2 e6 7. Bg5 Be7 8. Bb3 0-0 9. 0-0 Bd7 10. cxd4 Rc8 11. Nc3 Qa5 12. Rfd1 Rfd8 13. Qe2 a6 14. Rac1 b5 15. e5 Ne8 16. Ne4 Bxg5 17. Nfxg5 g6 18. Qf3 Ng7 19. Qxf7+ Kh8 20. Nf6 Nxe5 21. dxe5 Rxc1 22. Qg8+ Rxg8 23. Nf7# 1-0

[Event "Drammen CC-ch Class1"]
[Site "Drammen"]
[Date "2012.03.06"]
[Round "5"]
[White "Slettehaug, Roar"]
[Black "Bonsaksen, Tore"]
[Result "0-1"]
[WhiteElo "1665"]
[BlackElo "1409"]
[PlyCount "58"]
[EventDate "2012.01.17"]
[EventType "swiss"]
[EventRounds "9"]
[EventCountry "NOR"]
[SourceTitle "EXT 2024"]
[Source "ChessBase"]
[SourceDate "2023.10.10"]
[SourceVersion "1"]
[SourceVersionDate "2023.10.10"]
[SourceQuality "1"]

1. e4 e5 2. f4 Bc5 3. Nf3 d6 4. d4 exd4 5. Nxd4 Nf6 6. Nc3 Qe7 7. Qd3 0-0 8. Bd2 Re8 9. 0-0-0 Ng4 10. Be1 Nc6 11. Nxc6 bxc6 12. h3 Ne3 13. Rd2 a5 14. Rf2 Ba6 15. Qd2 Bxf1 16. Rfxf1 Nxf1 17. Rxf1 Bb4 18. Qd4 Qe6 19. g4 c5 20. Qf2 a4 21. a3 Bxc3 22. Bxc3 Qxe4 23. Qh4 Qc4 24. Rf2 Re2 25. Qg5 f6 26. Qh4 Rae8 27. g5 Rxf2 28. Qxf2 fxg5 29. fxg5 Rf8 0-1

[Event "Drammen CC-ch Class1"]
[Site "Drammen"]
[Date "2012.01.24"]
[Round "2"]
[White "Edvardsen, Oystein"]
[Black "Bonsaksen, Tore"]
[Result "1/2-1/2"]
[WhiteElo "1380"]
[BlackElo "1409"]
[PlyCount "73"]
[EventDate "2012.01.17"]
[EventType "swiss"]
[EventRounds "9"]
[EventCountry "NOR"]
[SourceTitle "EXT 2024"]
[Source "ChessBase"]
[SourceDate "2023.10.10"]
[SourceVersion "1"]
[SourceVersionDate "2023.10.10"]
[SourceQuality "1"]

1. d4 Nf6 2. e3 e6 3. Bd3 b6 4. e4 Bb7 5. Nd2 d5 6. e5 Nfd7 7. f4 c5 8. c3 Nc6 9. Ngf3 Be7 10. 0-0 Qc7 11. Rf2 cxd4 12. Nxd4 Bc5 13. N2b3 Nxd4 14. cxd4 Be7 15. Qg4 g6 16. Rc2 Qd8 17. Bd2 Rc8 18. Rf1 Rxc2 19. Bxc2 Nb8 20. f5 exf5 21. Bxf5 gxf5 22. Qxf5 Rf8 23. Bh6 Qd7 24. Qxh7 Nc6 25. Bxf8 Bxf8 26. h4 Ba6 27. Rf6 Bc4 28. h5 Bxb3 29. axb3 Nxd4 30. Qg8 Qc7 31. g4 Qc1+ 32. Rf1 Qe3+ 33. Kg2 Qe4+ 34. Kg1 Qe3+ 35. Rf2 Qe1+ 36. Kg2 Qe4+ 37. Kg1 1/2-1/2

[Event "Drammen CC-ch Class1"]
[Site "Drammen"]
[Date "2012.01.17"]
[Round "1"]
[White "Bonsaksen, Tore"]
[Black "Mather, Robert"]
[Result "1-0"]
[WhiteElo "1409"]
[BlackElo "1303"]
[PlyCount "83"]
[EventDate "2012.01.17"]
[EventType "swiss"]
[EventRounds "9"]
[EventCountry "NOR"]
[SourceTitle "EXT 2024"]
[Source "ChessBase"]
[SourceDate "2023.10.10"]
[SourceVersion "1"]
[SourceVersionDate "2023.10.10"]
[SourceQuality "1"]

1. d4 d5 2. c4 dxc4 3. Nf3 Nf6 4. Nc3 c6 5. a4 Bg4 6. e3 Nbd7 7. Bxc4 e6 8. 0-0 Bd6 9. e4 Bb4 10. Qe2 0-0 11. Bg5 Qc7 12. Rac1 Rfe8 13. e5 Nd5 14. Nxd5 cxd5 15. Bxd5 Qb6 16. Be4 Bxf3 17. Bxf3 Qxd4 18. Bxb7 Rab8 19. Bc6 Be7 20. Be3 Qxe5 21. Bxd7 Red8 22. Bb5 a6 23. Bxa6 Rxb2 24. Qf3 Bg5 25. Bxg5 Qxg5 26. Rfd1 Rbd2 27. Re1 Qa5 28. Bb5 Qb4 29. Qc3 Qf4 30. Qe3 Qb4 31. Qf3 g6 32. g3 Qa5 33. Red1 Qb4 34. Rxd2 Qxd2 35. Rc7 Qd1+ 36. Qxd1 Rxd1+ 37. Kg2 Rd5 38. Be2 Rf5 39. Ra7 Kf8 40. Bb5 h5 41. Rd7 Kg7 42. Rb7 1-0

[Event "Drammen Autumn"]
[Site "Drammen"]
[Date "2010.10.19"]
[Round "2"]
[White "Stokke, Jan"]
[Black "Bonsaksen, Tore"]
[Result "1-0"]
[WhiteElo "1799"]
[BlackElo "1376"]
[PlyCount "67"]
[EventDate "2010.09.07"]
[EventType "swiss"]
[EventRounds "9"]
[EventCountry "NOR"]
[SourceTitle "EXT 2024"]
[Source "ChessBase"]
[SourceDate "2023.10.10"]
[SourceVersion "1"]
[SourceVersionDate "2023.10.10"]
[SourceQuality "1"]

1. Nf3 d5 2. g3 Nf6 3. Bg2 c5 4. 0-0 Nc6 5. d4 cxd4 6. Nxd4 e5 7. Nxc6 bxc6 8. c4 Be7 9. Nc3 e4 10. Bg5 Be6 11. Qa4 0-0 12. Rad1 Qb6 13. cxd5 cxd5 14. Bxf6 Bxf6 15. Nxd5 Bxd5 16. Rxd5 Qxb2 17. e3 Rab8 18. Bxe4 Rb4 19. Qc2 g6 20. Ra5 Qxc2 21. Bxc2 Rc8 22. Bb3 Rc7 23. Rd1 Bc3 24. Rd8+ Kg7 25. Rad5 a5 26. Ra8 Rbb7 27. Rdd8 Re7 28. Kg2 Rbc7 29. Kf3 h5 30. h3 Bb4 31. g4 hxg4+ 32. hxg4 Kf6 33. Rd5 Re5 34. g5+ 1-0

[Event "Drammen Autumn"]
[Site "Drammen"]
[Date "2009.11.17"]
[Round "8"]
[White "Sorensen, Idar"]
[Black "Bonsaksen, Tore"]
[Result "1/2-1/2"]
[WhiteElo "1183"]
[BlackElo "1373"]
[PlyCount "128"]
[EventDate "2009.09.08"]
[EventType "swiss"]
[EventRounds "9"]
[EventCountry "NOR"]
[SourceTitle "EXT 2024"]
[Source "ChessBase"]
[SourceDate "2023.10.10"]
[SourceVersion "1"]
[SourceVersionDate "2023.10.10"]
[SourceQuality "1"]

1. d4 Nf6 2. c4 e6 3. Nc3 Bb4 4. Bd2 b6 5. a3 Bxc3 6. Bxc3 Bb7 7. e3 0-0 8. Ne2 d6 9. f3 Nbd7 10. Ng3 Re8 11. Be2 e5 12. d5 Nf8 13. 0-0 Ng6 14. Nf5 Bc8 15. e4 Nf4 16. Bd2 Nxe2+ 17. Qxe2 Bxf5 18. exf5 e4 19. Bg5 exf3 20. Qxf3 Re5 21. Rae1 Qe7 22. Rxe5 Qxe5 23. Bxf6 Qxf6 24. Qf2 Re8 25. g4 Re4 26. h3 Qe5 27. b3 Re2 28. Qf4 Qxf4 29. Rxf4 Re3 30. Kg2 Rxb3 31. Re4 Kf8 32. a4 a5 33. g5 Rb4 34. f6 gxf6 35. gxf6 Rxa4 36. Re7 Rxc4 37. Rd7 Ke8 38. Re7+ Kd8 39. Rxf7 Rh4 40. Rg7 Ke8 41. Rxc7 Rh6 42. Re7+ Kf8 43. Re6 Kf7 44. Rxd6 Rxf6 45. Rd7+ Ke8 46. Rxh7 Rd6 47. Rb7 a4 48. Kf3 Rxd5 49. Rxb6 Rd3+ 50. Kg4 Rd4+ 51. Kg5 Rd5+ 52. Kf6 Rh5 53. Re6+ Kd7 54. Re3 Kc6 55. Kg6 Ra5 56. Ra3 Kb5 57. h4 Kb4 58. Ra1 a3 59. h5 Kb3 60. h6 Kb2 61. h7 Ra6+ 62. Kg5 Ra5+ 63. Kh6 Ra6+ 64. Kh5 Ra5+ 1/2-1/2

[Event "Oslo ASKO Pinseturnering"]
[Site "Oslo"]
[Date "2008.05.10"]
[Round "6"]
[White "Bonsaksen, Tore"]
[Black "Heggum, Tore"]
[Result "1/2-1/2"]
[WhiteElo "1410"]
[BlackElo "1328"]
[PlyCount "31"]
[EventDate "2008.05.10"]
[EventType "swiss"]
[EventRounds "6"]
[EventCountry "NOR"]
[SourceTitle "EXT 2010"]
[Source "ChessBase"]
[SourceDate "2010.11.25"]
[SourceVersion "1"]
[SourceVersionDate "2010.11.25"]
[SourceQuality "1"]

1. e4 c5 2. Nf3 d6 3. d4 cxd4 4. Nxd4 Nf6 5. Nc3 Nc6 6. Be3 Ng4 7. Qd2 Nxe3 8. Qxe3 Qb6 9. 0-0-0 Nxd4 10. Qxd4 Qxd4 11. Rxd4 Bd7 12. Bb5 g5 13. Rd3 Bg7 14. Bxd7+ Kxd7 15. Re1 Bxc3 16. Rxc3 1/2-1/2